000 00816cab a2200241 4500
001 WB2922-36
008 090401t1993 xxu||||| |||| 00| 0 eng d
035 _a(Sirsi) u48355
041 _aeng
245 _aIT breakthrough to slash building costs
260 _c1993
350 _a0
490 _aBuilding
_v258(7798) 11 June 1993, 12(1)
520 _aDescribes the Net3 system from Olivetti, a method of networking personal computers by radio wave instead of cabling, which should change office design and cut construction costs by millions.
650 _aBUILT ENVIRONMENT-CONSTRUCTION DESIGN
650 _aCABLING
650 _aCOMPUTERS
650 _aOFFICE DESIGN
650 _aRADIO WAVES
690 _aMANAGEMENT-BUSINESS MANAGEMENT-INFORMATION MANAGEMENT
942 _n0
948 _c04/03/1997
999 _c30375
_d30375